000 01036nam0a2200325 4500
001 RU\NLR\bibl\1465644
005 20250616000351.0
010 _a978-5-17-062171-2
_bАСТ
010 _a978-5-403-02536-2
_bАСТ МОСКВА
_95000
021 _aRU
_b2009-98899
_96284
035 _a(nilc)RSL-KNO-004479134
035 _a(NLR Aleph) 001457376
090 _a1561358
_c1561358
100 _a20091210d2009 |||y0rusy50 ca
101 1 _arus
_ceng
102 _aRU
105 _ay zzzz|||||
200 1 _aНевеста полуночи
_eроман
_fСофи Джонсон
_g[пер. с англ. Н. Н. Аниськовой]
210 _aМосква
_cАСТ
_d2009
215 _a316, [1] с.
_d21
225 1 _aШарм
686 _aШ5(7США)62-644
_2rubbk
686 _aШ6(7США)67-440.4{Лх1979-50}
700 1 _aДжонсон
_bС.
_gСофи
_4070
801 0 _aRU
_bRuMoRGB
_c20091210
_grcr
801 1 _aRU
_bRuMoRGB
_c20091210
801 2 _aRU
_bNLR
_c20100128
_grcr
942 _cBOOK
980 _aNB